第6回マリオカートにじさんじ杯の二つ名からライバー名を当てよう - Statistics

General Stats
  • This quiz has been taken 42 times
  • The average score is 30 of 85
Answer Stats
ヒント Answer % Correct
スノー・ホワイト・パラダイス・エルサント・フロウ・ワスレナ・ピュア・プリンセス・リーブル・ラブ・ハイデルン・ドコドコ・ヤッタゼ・ヴァルキュリア・パッション・アールヴ・ノエル・チャコボシ・エルアリア・フロージア・メイドイン・ブルーム・エル える
95%
夢を叶える流れ星 星川サラ
82%
まめねこのバーター レオス・ヴィンセント
77%
サイキの奇妙な運転 佐伯イッテツ
77%
脱甲斐田宣言 甲斐田晴
77%
怒れる火竜(ファイヤードレイク) ドーラ
73%
勝利の日輪草(ひまわり) 本間ひまわり
73%
夜露死苦寧 先斗寧
73%
ムダヅモなき大怪盗 ルイス・キャミー
68%
二日酔いの魔王 えま★おうがすと
68%
国家犬力 栞葉るり
64%
でかーい!!!!!!!!!!!!!!!! アルス・アルマル
59%
臨戦態勢の小熊猫(レッサーパンダ) ラトナ・プティ
59%
英雄の闘諍 エクス・アルビオ
59%
赤い糸無限錬成中 アンジュ・カトリーナ
55%
なーに持ってんの!なーに持ってんの!浴びる用のシャンパン持ってんの!祝杯持って一気飲み!ハイ!のーんでのーんでのんで のーんでのーんでのんで のーんでのーんでのんで のんで 赤城ウェン
55%
走れクルス 来栖夏芽
55%
知力と間違えてマリカ極振りステータスのヴァルキュリアな件 フレン・E・ルスタリオ
55%
瞬間移動マジック 夜見れな
50%
頂点に君臨せしもの 葛葉
50%
狂気の医学的知能犯 健屋花那
50%
爆走のんべぇ 竜胆尊
45%
ギャグ漫画界からの使者 花畑チャイカ
45%
銀河を駆けるテンタクル 星導ショウ
45%
100万馬力のマッドギャル 轟京子
45%
ノンデリノーライフ 長尾景
45%
やっちゃえバーサーカー 立伝都々
45%
ドンペリ・タイダルウェーブ 不破湊
45%
リズム&暴力 樋口楓
41%
腐琉斗拳の使い手 エリー・コニファー
41%
クセになるヘタさ! 石神のぞみ
36%
這い寄るスリラー ましろ爻
36%
カルマを負うダークヒーロー 小柳ロウ
36%
愛のスナイパー ローレン・イロアス
36%
音速ハイハイ 獅子堂あかり
36%
全員倒す。 シェリン・バーガンディ
32%
親孝行 剣持刀也
32%
極・球界の頭脳 小野町春香
32%
永遠錠 魁星
32%
行ったれ思春期 鈴木勝
32%
無敵の運否天賦 椎名唯華
32%
なる早の体現 成瀬鳴
32%
持ちつ持たれつ 叢雲カゲツ
32%
姫プ待望論 魔界ノりりむ
32%
超時空の快走 夕陽リリ
27%
豪速のマッハパンチ 倉持めると
27%
戦域の天使(エンジェル) シスター・クレア
27%
腐死鳥 四季凪アキラ
27%
三半規管vs 海妹四葉
23%
PERFECT KNIGHTS
23%
アビスに潜むシャークネード 北小路ヒスイ
23%
自作自演 伊波ライ
23%
シャーベットランド 緋八マナ
23%
屠る流麗の旋律(メロディー) セラフ・ダズルガーデン
23%
勝利の明星 空星きらめ
23%
完全試合(パーフェクトゲーム) 五十嵐梨花
23%
札束マーシャルアーツ 鷹宮リオン
23%
スリザリィィィイン!!! ミラン・ケストレル
23%
連チャン確定ガール レイン・パターソン
23%
Mの集会所 白雪巴
23%
地鳴らし オリバー・エバンス
23%
初手暴走半島 榊ネス
18%
おシェリって呼ぶな! 天宮こころ
18%
疾風の固有結界 山神カルタ
18%
金色のサイクロン 宇佐美リト
18%
勝率=税率 リゼ・ヘルエスタ
18%
歌う弾丸(バレット) 渡会雲雀
18%
肉弾戦ヒーロー 神田笑一
18%
ライトニングラビット ソフィア・ヴァレンタイン
18%
虹色の嚆矢 渋谷ハジメ
18%
紫煙の残像 小清水透
18%
店長 風楽奏斗
18%
千載一遇物語 イブラヒム
18%
デスマリカ 笹木咲
18%
爆音セイレーン レヴィ・エリファ
18%
マリカのニューウェーブ 三枝明那
18%
くまライド狩り 鏑木ろこ
18%
逆襲のファミリア 魔使マオ
14%
白星のミルキーウェイ 桜凛月
14%
勝機の狼煙 春崎エアル
14%
スティックを右に倒すと右に曲がる 葉加瀬冬雪
14%
僕 最強だから 北見遊征
14%
てっぺんしか見えない フミ
14%
我らの最輝星 卯月コウ
14%
音速の超絶技巧 社築
14%
No matching quizzes found
Score Distribution
Percent of People with Each Score
Percentile by Number Answered
Your Score History
You have not taken this quiz